Gerontological nursing / (Record no. 20602)
[ view plain ]
| 000 -LEADER | |
|---|---|
| fixed length control field | 02102cam a22002775a 4500 |
| 001 - CONTROL NUMBER | |
| control field | 014845505 |
| 003 - CONTROL NUMBER IDENTIFIER | |
| control field | OSt |
| 005 - DATE AND TIME OF LATEST TRANSACTION | |
| control field | 20151208155847.0 |
| 008 - FIXED-LENGTH DATA ELEMENTS--GENERAL INFORMATION | |
| fixed length control field | 081023t2014 paua frb 001 0 eng d |
| 020 ## - INTERNATIONAL STANDARD BOOK NUMBER | |
| International Standard Book Number | 9781451172775 |
| 020 ## - INTERNATIONAL STANDARD BOOK NUMBER | |
| International Standard Book Number | 145117277X |
| 040 ## - CATALOGING SOURCE | |
| Original cataloging agency | StDuBDS |
| Language of cataloging | eng |
| Transcribing agency | EG-ScBUE |
| Modifying agency | Uk |
| 082 04 - DEWEY DECIMAL CLASSIFICATION NUMBER | |
| Classification number | 610.7365 |
| Edition number | 22 |
| Item number | ELI |
| 100 1# - MAIN ENTRY--PERSONAL NAME | |
| Personal name | Eliopoulos, Charlotte. |
| 9 (RLIN) | 38878 |
| 245 10 - TITLE STATEMENT | |
| Title | Gerontological nursing / |
| Statement of responsibility, etc | Charlotte Eliopoulos. |
| 250 ## - EDITION STATEMENT | |
| Edition statement | 8th ed. |
| 260 ## - PUBLICATION, DISTRIBUTION, ETC. (IMPRINT) | |
| Place of publication, distribution, etc | Philadelphia : |
| Name of publisher, distributor, etc | Wolters Kluwer / Lippincott Williams & Wilkins, |
| Date of publication, distribution, etc | c.2014. |
| 300 ## - PHYSICAL DESCRIPTION | |
| Extent | xxv, 547 p. : |
| Other physical details | ill. (col.) ; |
| Dimensions | 26 cm. |
| 500 ## - GENERAL NOTE | |
| General note | Index : p. 531-547. |
| 504 ## - BIBLIOGRAPHY, ETC. NOTE | |
| Bibliography, etc | Includes bibliographical references. |
| 505 0# - FORMATTED CONTENTS NOTE | |
| Formatted contents note | Unit 1. Understanding the aging experience -- The aging population -- Theories of aging -- Diversity -- Life transitions and story -- Common aging changes -- Unit 2. Foundations of gerontological nursing -- The specialty of gerontological nursing -- Holistic model for gerontological nursing -- Legal aspects of gerontological nursing -- Ethical aspects of gerontological nursing -- Continuum of care in gerontological nursing -- Self-care for the gerontological nurse -- Unit 3. Fostering connection and gratification -- Sexuality and intimacy -- Spirituality -- Unit 4. General care concerns -- Nutrition and hydration -- Rest and sleep -- Comfort and pain management -- Safety -- Safe medication use -- Unit 5. Facilitation physiological balance -- Respiration -- Circulation -- Digestion and bowel elimination -- Urinary elimination -- Reproductive system health -- Movement -- Neurologic function -- Sensation -- Endocrine function -- Integumentary function -- Immune function -- Unit 6. Multisystemic disorders -- Infections -- Cancer -- Mental health disorders -- Delirium and dementia -- Unit 7. Gerontological care issues -- Living in harmony with chronic conditions -- Rehabilitative care -- Acute care -- Long-term care -- Family caregiving -- End-of-life care. |
| 650 #7 - SUBJECT ADDED ENTRY--TOPICAL TERM | |
| Topical term or geographic name as entry element | Geriatric nursing. |
| Source of heading or term | BUEsh |
| 9 (RLIN) | 28906 |
| 651 ## - SUBJECT ADDED ENTRY--GEOGRAPHIC NAME | |
| Source of heading or term | BUEsh |
| 653 ## - INDEX TERM--UNCONTROLLED | |
| Resource For college | Nursing |
| Arrived date list | August2015 |
| -- | December2015 |
| 942 ## - ADDED ENTRY ELEMENTS (KOHA) | |
| Source of classification or shelving scheme | Dewey Decimal Classification |
| Withdrawn status | Lost status | Source of classification or shelving scheme | Damaged status | Not for loan | Koha collection | Home library | Current library | Shelving location | Date acquired | Source of acquisition | Cost, normal purchase price | Serial Enumeration / chronology | Total Checkouts | Total Renewals | Full call number | Barcode | Date last seen | Date last borrowed | Cost, replacement price | Koha item type |
|---|---|---|---|---|---|---|---|---|---|---|---|---|---|---|---|---|---|---|---|---|
| Dewey Decimal Classification | Baccah | Central Library | Central Library | First floor | 18/08/2015 | Purchase | 425.00 | 21764 | 3 | 8 | 610.7365 ELI | 000030825 | 15/07/2025 | 01/10/2023 | 531.00 | Book - Borrowing |